000 00588nam a22002292 4500
999 _c18934
_d18934
001 0000001391
003 OSt
005 20210520105834.0
008 070307s xx 000 0 eng d
020 _a0199676828
_cKES 6,260
040 _aKABU
_cKABU
050 0 _aHB139
_b.D68 2016
100 1 _aDougherty, Christopher.
245 1 0 _aIntroduction to econometrics.
250 _a5th ed.
260 _aOxford :
_bOUP,
_c2016
300 _axvii, 590p.
650 0 _aEconometrics.
908 _a070307
942 _2lcc
_cBK